| Поле | Инд. | ПП | Название | Значение |
|---|---|---|---|---|
| Тип записи | a | |||
| Библиографический уровень | m | |||
| 001 | Контрольный номер | 724f09bba8fe4ae2b84a1b2ed9e111ae | ||
| 005 | Дата корректировки | 20250328163706.8 | ||
| 008 | Кодируемые данные | 151106|||||||||ru |||||||||||||||||rus|| | ||
| 041 | 0_ | a | Код языка текста | rus |
| 084 | a | Индекс другой классификации/Индекс ББК | 94+65.374+65.049(2Рос) | |
| 090 | a | Полочн. индекс | 94 | |
| x | Авторский знак | В 92 | ||
| 100 | 1_ | a | Автор | Выдрина Е. О. |
| 245 | 10 | a | Заглавие | Влияние водной транспортной инфраструктуры региона на социально-экономическое развитие Западной Арктики |
| b | Продолж. заглавия | дис. ... канд. экон. наук : 08.00.05 | ||
| c | Ответственность | науч. рук. С. Ю. Козьменко ; ФГБОУ ВПО "Гос. поляр. акад." | ||
| 260 | a | Место издания | Санкт-Петербург | |
| c | Дата издания | 2015 | ||
| 300 | a | Объем | 153 с. | |
| b | Иллюстрации/ тип воспроизводства | ил. | ||
| 504 | a | Библиография | Библиогр.: с. 125-136 | |
| 583 | x | Служебное примечание | Арктические исследования | |
| x | Служебное примечание | Краеведческий каталог | ||
| 650 | 04 | a | Основная рубрика | Водный транспорт-Экономика-Западная Арктика-Диссертации |
| 651 | _4 | a | Географическое наименование | Арктика |
| 651 | _4 | a | Географическое наименование | Западная Арктика |
| 653 | 0_ | a | Ключевые слова | Арктические внутренние водные пути |
| a | Ключевые слова | Водная транспортная инфраструктура | ||
| a | Ключевые слова | Водный транспорт | ||
| a | Ключевые слова | Диссертации | ||
| a | Ключевые слова | Коммуникации водные | ||
| a | Ключевые слова | Исследования арктические | ||
| a | Ключевые слова | Освоение Арктики | ||
| a | Ключевые слова | Региональная экономика | ||
| a | Ключевые слова | Социально-экономическое развитие | ||
| a | Ключевые слова | Экономика водного транспорта | ||
| 901 | t | Тип документа | d |